=LDR 00000nam 2200000 4500 =001 INLIS000000000037511 =005 20130612143236 =008 ***********************************Ind** =035 ##$$a0010-061300000037511 =041 ##$$a Ind =082 ##$$a 028.5 =090 ##$$a 028.5, Far j =100 ##$$a Farr, Michael =245 ##$$a Jenderal al cazar, "Carambai", Michael Farr; Alih bahasa, Donna widjajanto; Editor, Dini Pandia =260 ##$$a 2010 $b Jakarta =300 ##$$a 42 hlm, Ilus, 21 cm =650 ##$$a Bacaan Kanak - Kanak =700 ##$$a Widjajanto, Donna =850 ##$$a NBPNMAT =990 ##$$a 0001/BPAP-NTB/20142014 =990 ##$$a 0001/BPAP-NTB/20142014